00582cam a22002054a 45000010009000000050017000090080041000260100017000670200038000840400018001220410008001400800014001481000007001621010008001692450074001775040051002519060045003029420012003479990017003591512757920180227092000.0080104s2008 njua b 001 0 eng  a 2008270102 a9780470121641 (pbk. : alk. paper) aDLCcDLCdDLC aeng a658 MAN a53 aMAN00aProject management in practice /cSamuel J. Mantel, Jr. ... [et al.]. aIncludes bibliographical references and index. a7bcbccorigcopd3encipf20gy-gencatlg 2ddccBK c43644d43644